Interaktívna aplikácia simulujúca Slnečnú sústavu od jej vzniku po zánik
Salvato in:
| Autore principale: | |
|---|---|
| Altri autori: | |
| Natura: | Manoscritto Libro |
| Lingua: | slovacco |
| Pubblicazione: |
Bratislava :
STU v Bratislave FEI,
2024
|
| Soggetti: | |
| Accesso online: | https://opac.crzp.sk/?fn=detailBiblioFormChildEPL03&sid=DDCD2C6FBCAD481F2844C7B200E4&seo=CRZP-detail-kniha |
| Tags: |
Nessun Tag, puoi essere il primo ad aggiungerne!!
|
MARC
| LEADER | 00000ntm a22000003a 4500 | ||
|---|---|---|---|
| 001 | stuzp99597 | ||
| 003 | SK-STU | ||
| 005 | 20250403140045.1 | ||
| 007 | ta | ||
| 008 | 150427s2015----xo-----f-mn---000-0-slo-d | ||
| 040 | |a STU |b slo | ||
| 041 | 0 | |a slo | |
| 044 | |a xo | ||
| 100 | 1 | |a Janík, Daniel |u 030400 |4 aut |U FEI Fakulta elektrotechniky a informatiky |T FEI Ústav automobilovej mechatroniky |X 115069 |U E400 |Y 642 |7 115069 | |
| 242 | 0 | 1 | |a An interactive application simulating the Solar System from its formation to its demise |y eng |
| 245 | 1 | 0 | |a Interaktívna aplikácia simulujúca Slnečnú sústavu od jej vzniku po zánik |
| 260 | |a Bratislava : |b STU v Bratislave FEI, |c 2024 | ||
| 300 | |a 65 s. | ||
| 650 | 4 | |a Slnečná sústava |2 slo | |
| 650 | 4 | |a Unity |2 slo | |
| 650 | 4 | |a Vznik |2 slo | |
| 650 | 4 | |a Vzdelávacia aplikácia |2 slo | |
| 650 | 4 | |a C# |2 slo | |
| 650 | 4 | |a Vesmír |2 slo | |
| 650 | 4 | |a Zánik |2 slo | |
| 650 | 4 | |a Education application |2 eng | |
| 650 | 4 | |a Unity |2 eng | |
| 650 | 4 | |a Formation |2 eng | |
| 650 | 4 | |a Demise |2 eng | |
| 650 | 4 | |a C# |2 eng | |
| 650 | 4 | |a Solar System |2 eng | |
| 650 | 4 | |a Space |2 eng | |
| 700 | 1 | |a Janecký, Dominik |u 030400 |k Z3 |4 ths |U FEI Fakulta elektrotechniky a informatiky |T FEI Ústav automobilovej mechatroniky |X 85870 |U E400 |Y 642 |7 85870 | |
| 856 | 4 | |u https://opac.crzp.sk/?fn=detailBiblioFormChildEPL03&sid=DDCD2C6FBCAD481F2844C7B200E4&seo=CRZP-detail-kniha | |